MARC details
| 000 -LEADER |
| fixed length control field |
02450cam a22005658i 4500 |
| 001 - CONTROL NUMBER |
| control field |
21846832 |
| 005 - DATE AND TIME OF LATEST TRANSACTION |
| control field |
20210629144418.0 |
| 008 - FIXED-LENGTH DATA ELEMENTS--GENERAL INFORMATION |
| fixed length control field |
201217t20212021nyu c 000 1 eng |
| 010 ## - LIBRARY OF CONGRESS CONTROL NUMBER |
| LC control number |
2020056933 |
| 020 ## - INTERNATIONAL STANDARD BOOK NUMBER |
| International Standard Book Number |
9781338662160 |
| Qualifying information |
(hardback) |
| 020 ## - INTERNATIONAL STANDARD BOOK NUMBER |
| Cancelled/invalid ISBN |
9781338662184 |
| Qualifying information |
(ebook) |
| 040 ## - CATALOGING SOURCE |
| Original cataloging agency |
NJQ/DLC |
| Language of cataloging |
eng |
| Description conventions |
rda |
| Transcribing agency |
DLC |
| 042 ## - AUTHENTICATION CODE |
| Authentication code |
lcac |
| -- |
pcc |
| 050 00 - LIBRARY OF CONGRESS CALL NUMBER |
| Classification number |
PZ7.M7135 |
| Item number |
Ni 2021 |
| 082 04 - DEWEY DECIMAL CLASSIFICATION NUMBER |
| Classification number |
[Fic] |
| Edition number |
23 |
| 092 ## - LOCALLY ASSIGNED DEWEY CALL NUMBER (OCLC) |
| Classification number |
junior fiction |
| Item number |
Mlynowski |
| 100 1# - MAIN ENTRY--PERSONAL NAME |
| Personal name |
Mlynowski, Sarah, |
| Relator term |
author. |
| 9 (RLIN) |
77460 |
| 245 10 - TITLE STATEMENT |
| Title |
Night owl / |
| Statement of responsibility, etc |
by Sarah Mlynowski, Emily Jenkins, and Lauren Myracle. |
| 250 ## - EDITION STATEMENT |
| Edition statement |
First edition. |
| 263 ## - PROJECTED PUBLICATION DATE |
| Projected publication date |
2106 |
| 264 #1 - Production, Publication, Distribution, Manufacture, and Copyright Notice. |
| Place of production, publication, distribution, manufacture |
New York : |
| Name of producer, publisher, distributor, manufacturer |
Scholastic Press, an imprint of Scholastic Inc., |
| Date of production, publication, distribution, manufacture, or copyr |
2021. |
| 264 #4 - Production, Publication, Distribution, Manufacture, and Copyright Notice. |
| Date of production, publication, distribution, manufacture, or copyr |
©2021 |
| 300 ## - PHYSICAL DESCRIPTION |
| Extent |
pages cm. |
| 336 ## - Content Type |
| Content type term |
text |
| 337 ## - Media type |
| Media type term |
unmediated |
| 338 ## - Carrier type |
| Carrier type term |
volume |
| 490 1# - SERIES STATEMENT |
| Series statement |
Upside-down magic ; |
| Volume number/sequential designation |
book 8 |
| 520 ## - SUMMARY, ETC. |
| Summary, etc |
Tonight is the Big Night sleepover at Dunwiddle Magic School, when all the fifth graders stay overnight at school and participate in the scavenger hunt, except Nory's friend Elliott is attending a concert at rival Sage Academy where he plans to attend after the winter break--but if Nory can convince her fellow upside-down magic friends to take the hunt seriously, cooperate, and win, than maybe she can convince Elliott to stay at Dunwiddle. |
| 521 ## - TARGET AUDIENCE NOTE |
| Target audience note |
Ages 8-12. |
| Source |
Scholastic Press. |
| 521 ## - TARGET AUDIENCE NOTE |
| Target audience note |
Grades 4-6. |
| Source |
Scholastic Press. |
| 650 #0 - SUBJECT ADDED ENTRY--TOPICAL TERM |
| Topical term or geographic name as entry element |
Magic |
| Form subdivision |
Juvenile fiction. |
| 9 (RLIN) |
5673690 |
| 650 #0 - SUBJECT ADDED ENTRY--TOPICAL TERM |
| Topical term or geographic name as entry element |
Treasure hunt (Game) |
| Form subdivision |
Juvenile fiction. |
| 9 (RLIN) |
5706214 |
| 650 #0 - SUBJECT ADDED ENTRY--TOPICAL TERM |
| Topical term or geographic name as entry element |
Sleepovers |
| Form subdivision |
Juvenile fiction. |
| 9 (RLIN) |
5689331 |
| 650 #0 - SUBJECT ADDED ENTRY--TOPICAL TERM |
| Topical term or geographic name as entry element |
Middle schools |
| Form subdivision |
Juvenile fiction. |
| 9 (RLIN) |
5675274 |
| 650 #0 - SUBJECT ADDED ENTRY--TOPICAL TERM |
| Topical term or geographic name as entry element |
Friendship |
| Form subdivision |
Juvenile fiction. |
| 9 (RLIN) |
5673647 |
| 650 #0 - SUBJECT ADDED ENTRY--TOPICAL TERM |
| Topical term or geographic name as entry element |
Cooperativeness |
| Form subdivision |
Juvenile fiction. |
| 9 (RLIN) |
5695189 |
| 650 #1 - SUBJECT ADDED ENTRY--TOPICAL TERM |
| Topical term or geographic name as entry element |
Magic |
| Form subdivision |
Fiction. |
| 9 (RLIN) |
5673694 |
| 650 #1 - SUBJECT ADDED ENTRY--TOPICAL TERM |
| Topical term or geographic name as entry element |
Treasure hunt (Game) |
| Form subdivision |
Fiction. |
| 9 (RLIN) |
5706784 |
| 650 #1 - SUBJECT ADDED ENTRY--TOPICAL TERM |
| Topical term or geographic name as entry element |
Sleepovers |
| Form subdivision |
Fiction. |
| 9 (RLIN) |
5694990 |
| 650 #1 - SUBJECT ADDED ENTRY--TOPICAL TERM |
| Topical term or geographic name as entry element |
Middle schools |
| Form subdivision |
Fiction. |
| 9 (RLIN) |
5675986 |
| 650 #1 - SUBJECT ADDED ENTRY--TOPICAL TERM |
| Topical term or geographic name as entry element |
Schools |
| Form subdivision |
Fiction. |
| 9 (RLIN) |
5673727 |
| 650 #1 - SUBJECT ADDED ENTRY--TOPICAL TERM |
| Topical term or geographic name as entry element |
Friendship |
| Form subdivision |
Fiction. |
| 9 (RLIN) |
5673769 |
| 650 #1 - SUBJECT ADDED ENTRY--TOPICAL TERM |
| Topical term or geographic name as entry element |
Cooperativeness |
| Form subdivision |
Fiction. |
| 9 (RLIN) |
5674920 |
| 655 #7 - INDEX TERM--GENRE/FORM |
| Genre/form data or focus term |
Fantasy fiction. |
| Source of term |
lcgft |
| 700 1# - ADDED ENTRY--PERSONAL NAME |
| Personal name |
Myracle, Lauren, |
| Dates associated with a name |
1969- |
| Relator term |
author. |
| 9 (RLIN) |
47806 |
| 700 1# - ADDED ENTRY--PERSONAL NAME |
| Personal name |
Jenkins, Emily, |
| Dates associated with a name |
1967- |
| Relator term |
author. |
| 9 (RLIN) |
43808 |
| 800 1# - SERIES ADDED ENTRY--PERSONAL NAME |
| Personal name |
Mlynowski, Sarah. |
| Title of a work |
Upside-down magic ; |
| Volume/sequential designation |
8. |
| 9 (RLIN) |
6006968 |
| 906 ## - LOCAL DATA ELEMENT F, LDF (RLIN) |
| a |
7 |
| b |
cbc |
| c |
orignew |
| d |
1 |
| e |
ecip |
| f |
20 |
| g |
y-gencatlg |
| 942 ## - ADDED ENTRY ELEMENTS (KOHA) |
| Source of classification or shelving scheme |
Dewey Decimal Classification |
| Koha item type |
BOOK |